Welcome to the Holygrace Academy Library

Please use search bar below to get started

WE ARE DISPLACED (Record no. 5680)

MARC details
000 -LEADER
fixed length control field 00280nam a22001217a 4500
082 ## - DEWEY DECIMAL CLASSIFICATION NUMBER
Classification number 920
Item number YOU/W
100 ## - MAIN ENTRY--AUTHOR NAME
Personal name YOUSAFZAI,MALALA
245 ## - TITLE STATEMENT
Title WE ARE DISPLACED
260 ## - PUBLICATION, DISTRIBUTION, ETC. (IMPRINT)
Place of publication LONDON
Name of publisher WEIDENFELD & NICOLSON
300 ## - PHYSICAL DESCRIPTION
Number of Pages 212
650 ## - SUBJECT ADDED ENTRY--TOPICAL TERM
Topical Term LIFE OF MALALA YOUSAFZAI
Geographic subdivision LONDON
942 ## - ADDED ENTRY ELEMENTS (KOHA)
Koha item type Books
Holdings
Withdrawn status Lost status Collection code Home library Current library Shelving location Date acquired Source of acquisition Full call number Accession Number Koha item type
    Reference Main Library Main Library SHELF-17-J-BIOGRAPHIES & AUTOBIOGRAPHIES 24/01/2019 PURCHASE 920 YOU/W 10640 Books